000 00410nam a2200169 a 4500
001 0000-8589
003 ELIB.Books
008 110520 1981
035 _a(ELIB.Books)0000-8735
082 _a266
_bNew
100 _aNewton, Jim
245 _aThe Way to TinBuktu
260 _bNashville; Convention Press
_c1981
650 _aMission
942 _2ddc
_cBK
998 _cbat
_e2011-05-20
999 _c8589
_d8589